000 00976nam a2200265Ia 4500
003 OSt
005 20221005113525.0
006 a|||||r|||| 00| 0
007 ta
008 221004b |||||||| |||| 00| 0 pan d
020 _a9789382851424 (hbk)
_cIndian Rupees 200
024 _a39428
037 _bGift, 18/09/2018,
_cTextual
040 _aCRL
_cCRL
_bpan
041 _2pan
_apan
082 _aO153,3NMA:g, Q3
100 _aਕੌਰ, ਅੰਮਿਤਪਾਲ, ਥਦ.
245 0 _aਸੁਖਵੰਤ ਕੌਰ ਮਾਨ ਰਚਿਤ ਸਾਹਿਤ ਵਿFੇਗਤ ਅਧਿਐਨ
260 _aਲੁਧਿਆਨਾ
_bਚੇਤਨਾ ਪ੍ਰਕਾFਨ ਭਾਰਤ
_c2013
300 _a143ਪ0
_ccm.
650 _a ਪੰਜਾਬੀ ਕਹਾਣੀ
650 _aਪੰਜਾਬੀ ਸਾਹਿਤ
942 _hO153,3NMA:g, Q3
_cTEXL
_2cc
999 _c1028465
_d1028465